Tratado sobre la letra de cambio y otros instrumentos financieros
Guardat en:
| Autor principal: | |
|---|---|
| Format: | Llibre |
| Idioma: | espanyol |
| Publicat: |
Santiago, Chile
Jurídica Ediar - ConoSur
1987
|
| Matèries: | |
| Etiquetes: |
Afegir etiqueta
Sense etiquetes, Sigues el primer a etiquetar aquest registre!
|
MARC
| LEADER | 00000nam a2200000 a 4500 | ||
|---|---|---|---|
| 001 | UCV0094 | ||
| 003 | CL-VaPUC | ||
| 005 | 20220323134115.0 | ||
| 008 | 880318e19870000CL |||||||||||||||||spa|d | ||
| 999 | |c 208835 |d 208833 | ||
| 040 | |c Pontificia Universidad Católica de Valparaíso | ||
| 082 | 0 | 4 | |a 346.096 VAS 1987 |2 21 |
| 100 | 0 | |a Vásquez Méndez, Guillermo |e author |9 294805 | |
| 245 | 1 | 0 | |a Tratado sobre la letra de cambio y otros instrumentos financieros |
| 260 | |a Santiago, Chile |b Jurídica Ediar - ConoSur |c 1987 | ||
| 300 | |a 298 páginas | ||
| 583 | |a last modification |c 19880318 00:00:00 |k Rodrigo Vera | ||
| 650 | 7 | |a BONOS |2 CL-VaPUC |9 254913 | |
| 650 | 7 | |a CARTAS DE CREDITO |2 CL-VaPUC |9 254914 | |
| 650 | 7 | |a TARJETA DE CREDITO |2 CL-VaPUC |9 254915 | |
| 650 | 0 | |a Letras de cambio |9 254916 | |
| 650 | 0 | |a Prenda |9 254917 | |
| 651 | 7 | |a CHILE |2 CL-VaPUC |9 294806 | |
| 852 | |a BIBDER | ||
| 942 | |c BK |2 ddc | ||
| 945 | |d 19880318 00:00:00 | ||
| 952 | |0 0 |1 0 |4 0 |6 346_096000000000000_VAS_1987 |7 0 |8 A |9 183772 |a BIBDER |b BIBDER |d 2019-11-14 |i 2501546 |o 346.096 VAS 1987 |p 2501546 |r 2023-01-25 |w 2019-11-14 |y BK |k DER | ||